[Event "Khanty-Mansiysk GP (Women) rapid"]
[White "Makhno, Maria"]
[Black "Voit, Daria"]
[Site "Khanty-Mansiysk"]
[Round "10"]
[Result "0-1"]
[Date "2021.11.27"]
[WhiteElo "1916"]
[BlackElo "2347"]
[PlyCount "98"]
[EventDate "2021.11.25"]
[EventType "tourn (rapid)"]
[EventRounds "13"]
[EventCountry "RUS"]
[SourceTitle "CBM 205 Extra"]
[Source "ChessBase"]
[SourceDate "2022.01.31"]
[SourceVersion "1"]
[SourceVersionDate "2022.01.31"]
[SourceQuality "1"]

1. c4 e5 2. Nc3 Bb4 3. Nd5 Nc6 4. a3 Be7 5. e3 Nf6 6. Ne2 Nxd5 7. cxd5 Nb8 8. d4 exd4 9. Nxd4 0-0 10. Bd3 Bf6 11. Bc2 c5 12. Qd3 g6 13. Ne2 d6 14. e4 Re8 15. Rb1 a6 16. a4 b5 17. Qg3 Nd7 18. h4 Ne5 19. h5 c4 20. f4 Nd3+ 21. Bxd3 cxd3 22. Qxd3 Rxe4 23. Qxe4 Bf5 24. Qf3 Bxb1 25. 0-0 b4 26. b3 Bc2 27. hxg6 hxg6 28. f5 g5 29. Ng3 Rc8 30. Bd2 Bd4+ 31. Kh2 Be5 32. Qh5 f6 33. Qg6+ Kf8 34. Qh6+ Ke8 35. Qg6+ Kd7 36. Qf7+ Qe7 37. Qe6+ Qxe6 38. fxe6+ Ke7 39. Rf3 g4 40. Re3 Bf4 41. Re2 Rh8+ 42. Kg1 Bxg3 43. Bxb4 Bxb3 44. Re3 Bh2+ 45. Kf2 Bxd5 46. g3 Rb8 47. Bc3 Rb1 48. Rd3 Bg1+ 49. Ke2 Bc4 0-1

[Event "Khanty-Mansiysk GP (Women) rapid"]
[White "Volchkova, Alena"]
[Black "Makhno, Maria"]
[Site "Khanty-Mansiysk"]
[Round "7"]
[Result "0-1"]
[Date "2021.11.26"]
[WhiteElo "1709"]
[BlackElo "1916"]
[PlyCount "108"]
[EventDate "2021.11.25"]
[EventType "tourn (rapid)"]
[EventRounds "13"]
[EventCountry "RUS"]
[SourceTitle "CBM 205 Extra"]
[Source "ChessBase"]
[SourceDate "2022.01.31"]
[SourceVersion "1"]
[SourceVersionDate "2022.01.31"]
[SourceQuality "1"]

1. e4 e5 2. Nf3 Nf6 3. Nxe5 d6 4. Nf3 Nxe4 5. Nc3 Nf6 6. d3 g6 7. Bg5 Bg7 8. Qd2 h6 9. Bh4 0-0 10. 0-0-0 Nc6 11. Bg3 a6 12. h4 b5 13. Bf4 b4 14. Ne2 Ng4 15. Ng3 a5 16. h5 g5 17. Be3 a4 18. Ne4 f5 19. Nexg5 Nxe3 20. fxe3 hxg5 21. h6 Bf6 22. e4 a3 23. b3 Nd4 24. Nxd4 Bxd4 25. Qxb4 Qf6 26. Kb1 Bc5 27. Qc4+ Be6 28. e5 Qxe5 29. d4 Bxc4 30. Bxc4+ d5 31. dxe5 dxc4 32. Rh5 Be7 33. bxc4 Rab8+ 34. Kc1 Rbd8 35. Rf1 Rd4 36. c3 Rxc4 37. Kc2 Rh4 38. Rxh4 gxh4 39. c4 Kh7 40. Rd1 Rd8 41. Rf1 Kg6 42. Kc3 Rh8 43. Rd1 Rd8 44. Rf1 c6 45. Rb1 Bc5 46. Re1 Kxh6 47. e6 Be7 48. Kc2 Kg6 49. Re3 Kf6 50. Kc1 Rd4 51. Kc2 Rxc4+ 52. Kb3 Rg4 53. Re2 Re4 54. Rc2 Rxe6 0-1

[Event "Khanty-Mansiysk GP (Women) rapid"]
[White "Khlichkova, Tatiana"]
[Black "Makhno, Maria"]
[Site "Khanty-Mansiysk"]
[Round "3"]
[Result "1/2-1/2"]
[Date "2021.11.25"]
[WhiteElo "2230"]
[BlackElo "1916"]
[PlyCount "146"]
[EventDate "2021.11.25"]
[EventType "tourn (rapid)"]
[EventRounds "13"]
[EventCountry "RUS"]
[SourceTitle "CBM 205 Extra"]
[Source "ChessBase"]
[SourceDate "2022.01.31"]
[SourceVersion "1"]
[SourceVersionDate "2022.01.31"]
[SourceQuality "1"]

1. d4 Nf6 2. Bg5 Ne4 3. Bf4 c5 4. f3 Qa5+ 5. c3 Nf6 6. d5 e6 7. e4 exd5 8. exd5 d6 9. Na3 Be7 10. Bd3 Nbd7 11. Nc4 Qc7 12. Ne3 Nh5 13. Bg3 Nxg3 14. hxg3 h6 15. Nf5 Bf6 16. Qe2+ Kf8 17. f4 g6 18. Ne3 h5 19. Nf3 a6 20. a4 Kg7 21. Kf2 Nf8 22. Qc2 Bd7 23. Nd2 Re8 24. a5 h4 25. gxh4 Bxh4+ 26. g3 Bxg3+ 27. Kf3 Bh3 28. Ne4 Qe7 29. Rag1 Bxf4 30. Kxf4 f5 31. c4 fxe4 32. Bxe4 Rh4+ 33. Kg3 Qxe4 34. Qxe4 Rexe4 35. Re1 g5 36. Rxh3 Rxh3+ 37. Kxh3 Kg6 38. Kg3 Nd7 39. Kf3 Rf4+ 40. Kg2 Ne5 41. b3 g4 42. Nf1 Rf3 43. Nd2 Rd3 44. Ne4 Nf7 45. Nf2 Rxb3 46. Nxg4 Rb2+ 47. Kg3 Rb4 48. Re6+ Kg7 49. Ne3 Rb3 50. Kf4 b5 51. Nf5+ Kf8 52. Nxd6 Nxd6 53. Rxd6 bxc4 54. Rxa6 c3 55. Ke3 c4 56. Rc6 c2+ 57. Kd2 Rd3+ 58. Kxc2 Rxd5 59. a6 Ra5 60. Kc3 Ra4 61. Kd4 Ke8 62. Kc5 Kd7 63. Rb6 c3 64. Kb5 c2 65. Kxa4 c1Q 66. Rb7+ Kc8 67. Kb5 Qb2+ 68. Kc6 Qc3+ 69. Kb6 Qb4+ 70. Ka7 Qc5+ 71. Ka8 Qc6 72. Ka7 Qc5+ 73. Ka8 Qc6 1/2-1/2

[Event "Khanty-Mansiysk GP (Women) rapid"]
[White "Makhno, Maria"]
[Black "Alekseenko, Mariya"]
[Site "Khanty-Mansiysk"]
[Round "1"]
[Result "0-1"]
[Date "2021.11.25"]
[WhiteElo "1916"]
[BlackElo "1888"]
[PlyCount "124"]
[EventDate "2021.11.25"]
[EventType "tourn (rapid)"]
[EventRounds "13"]
[EventCountry "RUS"]
[SourceTitle "CBM 205 Extra"]
[Source "ChessBase"]
[SourceDate "2022.01.31"]
[SourceVersion "1"]
[SourceVersionDate "2022.01.31"]
[SourceQuality "1"]

1. c4 c5 2. Nf3 Nc6 3. Nc3 e6 4. d4 cxd4 5. Nxd4 Nf6 6. a3 a6 7. e4 Qb6 8. Be3 Qc7 9. Be2 Be7 10. 0-0 d6 11. Qd2 Ne5 12. Rac1 Neg4 13. Bg5 h6 14. Bxf6 Nxf6 15. f4 0-0 16. Qe3 b6 17. f5 Nh7 18. fxe6 fxe6 19. Rxf8+ Nxf8 20. Kh1 Bf6 21. Nf3 Bd7 22. e5 dxe5 23. Ne4 Be7 24. Bd3 Bc6 25. Rf1 Rd8 26. Ng3 Bxf3 27. Qxf3 Bc5 28. b4 Bd4 29. Nh5 Qe7 30. Qg4 Qg5 31. Qxg5 hxg5 32. Be4 Rc8 33. Bb7 Rxc4 34. Bxa6 Rc3 35. Rf3 Be3 36. a4 e4 37. Rf1 Nd7 38. Ng3 Nf6 39. Rb1 Bf2 40. Ne2 Rc2 41. Rf1 Be3 42. Rb1 Ng4 43. h3 Nf2+ 44. Kh2 Bf4+ 45. Kg1 Nd3 46. a5 Be3+ 47. Kf1 Ra2 48. Bc4 Ra3 49. Bxe6+ Kf8 50. axb6 Bxb6 51. Bd5 e3 52. b5 Ke7 53. Be4 Nf4 54. Bc6 Ra2 55. Bf3 Kd6 56. Nxf4 gxf4 57. Rd1+ Kc5 58. Rd5+ Kc4 59. Rd1 Rf2+ 60. Kg1 e2 61. Bxe2+ Rxe2+ 62. Kh2 f3 0-1

[Event "Khanty-Mansiysk Governor Cup 17th"]
[White "Petrov, Nikita"]
[Black "Makhno, Maria"]
[Site "Khanty-Mansiysk"]
[Round "1"]
[Result "1-0"]
[Date "2021.11.11"]
[WhiteElo "2542"]
[BlackElo "1916"]
[PlyCount "51"]
[EventDate "2021.11.11"]
[EventType "swiss"]
[EventRounds "9"]
[EventCountry "RUS"]
[SourceTitle "CBM 205 Extra"]
[Source "ChessBase"]
[SourceDate "2022.01.31"]
[SourceVersion "1"]
[SourceVersionDate "2022.01.31"]
[SourceQuality "1"]

1. e4 c5 2. Nf3 e6 3. d4 cxd4 4. Nxd4 Nc6 5. Nc3 a6 6. Nxc6 bxc6 7. Qf3 d5 8. Qg3 Bd7 9. Bd3 d4 10. Nb1 c5 11. Nd2 Ne7 12. Nc4 Nc8 13. Bg5 f6 14. Bd2 Bb5 15. Qh3 Qd7 16. a4 Bc6 17. 0-0 e5 18. Qg3 Bxa4 19. f4 exf4 20. Bxf4 Bb5 21. e5 f5 22. Rae1 g6 23. Nd6+ Bxd6 24. exd6+ Kf7 25. Qf3 Qc6 26. Bc4+ 1-0

[Event "Sevastopol Waltz Rapid"]
[White "Makhno, Maria"]
[Black "Galaktionov, Artem"]
[Site "Sevastopol"]
[Round "2"]
[Result "0-1"]
[Date "2021.08.26"]
[WhiteElo "1916"]
[BlackElo "2349"]
[PlyCount "76"]
[EventDate "2021.08.26"]
[EventType "swiss (rapid)"]
[EventRounds "9"]
[EventCountry "UKR"]
[SourceTitle "CBM 204 Extra"]
[Source "ChessBase"]
[SourceDate "2021.11.30"]
[SourceVersion "1"]
[SourceVersionDate "2021.11.30"]
[SourceQuality "1"]

1. c4 g6 2. Nc3 Bg7 3. e4 d6 4. d4 c6 5. Be3 Nd7 6. Be2 e5 7. dxe5 dxe5 8. Qd2 Ngf6 9. f3 Nh5 10. Nh3 0-0 11. 0-0-0 Qa5 12. Kb1 Nc5 13. g4 Nf6 14. Nf2 Ne6 15. h4 Rd8 16. Nd3 h5 17. Rdg1 Nd4 18. Bg5 Nxe2 19. Qxe2 Kf8 20. gxh5 gxh5 21. c5 Be6 22. Qe3 Rd4 23. f4 Ng4 24. Rxg4 Bxg4 25. Nxe5 Qxc5 26. Nxg4 hxg4 27. f5 Be5 28. Bh6+ Ke8 29. Qg5 Rad8 30. Qxg4 Rb4 31. Qg8+ Kd7 32. Qxf7+ Kc8 33. Qe6+ Kb8 34. Rc1 Bxc3 35. Bf4+ Ka8 36. Be5 Rxb2+ 37. Ka1 Qxe5 38. Rxc3 Qxc3 0-1

[Event "Sevastopol Waltz"]
[White "Voronin, Andrey"]
[Black "Makhno, Maria"]
[Site "Sevastopol"]
[Round "5"]
[Result "0-1"]
[Date "2021.08.21"]
[WhiteElo "1816"]
[BlackElo "1916"]
[PlyCount "76"]
[EventDate "2021.08.17"]
[EventType "swiss"]
[EventRounds "9"]
[EventCountry "UKR"]
[SourceTitle "CBM 203 Extra"]
[Source "ChessBase"]
[SourceDate "2021.09.30"]
[SourceVersion "1"]
[SourceVersionDate "2021.09.30"]
[SourceQuality "1"]

1. e4 c5 2. Nf3 e6 3. d4 cxd4 4. Nxd4 Nf6 5. Bd3 Nc6 6. Be3 e5 7. Nb3 d5 8. exd5 Nxd5 9. Bd2 Be6 10. a3 a5 11. Nc3 a4 12. Nc1 Be7 13. N1e2 0-0 14. 0-0 Nb6 15. Nb5 f5 16. Nec3 Nc4 17. Bc1 Nd6 18. Nxd6 Bxd6 19. Bb5 Nd4 20. Bxa4 f4 21. Bb3 Bxb3 22. cxb3 f3 23. g3 Qd7 24. Kh1 Qh3 25. Rg1 Rad8 26. Qf1 Qg4 27. Qc4+ Kh8 28. Be3 Rf5 29. Rgd1 Rh5 30. Qf1 Nxb3 31. Bb6 Rd7 32. Rab1 Nd4 33. Rd2 Bc7 34. Bxc7 Rxc7 35. Nb5 Rc6 36. Nxd4 Rxh2+ 37. Kxh2 Rh6+ 38. Kg1 Qh5 0-1

[Event "Moscow op-A 16th"]
[White "Makhno, Maria"]
[Black "Ghazaryan, Raffi"]
[Site "Moscow"]
[Round "9"]
[Result "0-1"]
[Date "2020.02.02"]
[WhiteElo "1941"]
[BlackElo "2068"]
[PlyCount "54"]
[EventDate "2020.01.25"]
[EventType "swiss"]
[EventRounds "9"]
[EventCountry "RUS"]
[SourceTitle "CBM 194 Extra"]
[Source "ChessBase"]
[SourceDate "2020.03.31"]
[SourceVersion "1"]
[SourceVersionDate "2020.03.31"]
[SourceQuality "1"]

1. c4 e5 2. Nc3 Nf6 3. e3 Nc6 4. a3 d5 5. cxd5 Nxd5 6. Qc2 Be7 7. Nf3 Be6 8. b4 Nxc3 9. dxc3 0-0 10. Bd3 f5 11. e4 f4 12. Bb2 a6 13. 0-0 Qe8 14. c4 Bg4 15. Nxe5 Nxe5 16. Bxe5 f3 17. Bg3 fxg2 18. Rfe1 h5 19. h4 Qd8 20. Be2 Bxh4 21. Bxg4 hxg4 22. Qd1 Bxg3 23. fxg3 Qf6 24. Ra2 Rad8 25. Qe2 Qc3 26. Qe3 Rf1+ 27. Kxg2 Qxe1 0-1

[Event "Moscow op-A 16th"]
[White "Makhno, Maria"]
[Black "Teiitbaev, Aktilek"]
[Site "Moscow"]
[Round "5"]
[Result "0-1"]
[Date "2020.01.29"]
[WhiteElo "1941"]
[BlackElo "2092"]
[PlyCount "79"]
[EventDate "2020.01.25"]
[EventType "swiss"]
[EventRounds "9"]
[EventCountry "RUS"]
[SourceTitle "CBM 194 Extra"]
[Source "ChessBase"]
[SourceDate "2020.03.31"]
[SourceVersion "1"]
[SourceVersionDate "2020.03.31"]
[SourceQuality "1"]

1. d4 g6 2. c4 Bg7 3. Nc3 d6 4. e4 e5 5. Be3 exd4 6. Bxd4 Nf6 7. Nd5 Nc6 8. Bc3 0-0 9. Nxf6+ Bxf6 10. Ne2 Re8 11. f3 Be6 12. Qc2 Ne5 13. b3 a5 14. Nd4 Bd7 15. Be2 c6 16. 0-0 Qb6 17. Qd2 Bg7 18. Kh1 d5 19. cxd5 cxd5 20. exd5 Qc5 21. f4 Ng4 22. Bxg4 Bxg4 23. f5 Qxd5 24. f6 Bf8 25. Rae1 b6 26. Qf4 Bd7 27. Rd1 Re4 28. Qf2 Qc5 29. Nf3 Qxf2 30. Rxf2 Bf5 31. Rfd2 Ree8 32. Ne5 Rac8 33. Bb2 Bb4 34. Rf2 Red8 35. Nf3 Bd6 36. Rdf1 Bd3 37. Ra1 Re8 38. Ng5 Re6 39. Rc1 Rxc1+ 40. Bxc1 0-1

[Event "Moscow op-A 16th"]
[White "Makhno, Maria"]
[Black "Yonal, Timur"]
[Site "Moscow"]
[Round "4"]
[Result "1-0"]
[Date "2020.01.28"]
[WhiteElo "1941"]
[BlackElo "1668"]
[PlyCount "127"]
[EventDate "2020.01.25"]
[EventType "swiss"]
[EventRounds "9"]
[EventCountry "RUS"]
[SourceTitle "CBM 194 Extra"]
[Source "ChessBase"]
[SourceDate "2020.03.31"]
[SourceVersion "1"]
[SourceVersionDate "2020.03.31"]
[SourceQuality "1"]

1. c4 e6 2. Nc3 d5 3. e3 Nf6 4. b3 Be7 5. Nf3 0-0 6. Bb2 c5 7. cxd5 exd5 8. d4 Nc6 9. Be2 Bg4 10. 0-0 Bxf3 11. Bxf3 cxd4 12. exd4 Bb4 13. Qd3 Re8 14. Rac1 Bxc3 15. Bxc3 Ne4 16. Rfe1 Qg5 17. a3 h6 18. b4 a6 19. Bb2 f5 20. b5 Na5 21. Rc7 Qd8 22. b6 Qd6 23. Bxe4 fxe4 24. Qh3 Rad8 25. Qg4 Re7 26. Bc1 Qe6 27. Qg3 Kh8 28. Qh4 Ree8 29. Bf4 Kh7 30. Be5 Rd7 31. Qg3 Ree7 32. f3 Nc4 33. fxe4 Nxe5 34. Qxe5 Qxe5 35. dxe5 dxe4 36. Rxd7 Rxd7 37. Rxe4 Kg6 38. g4 Rd1+ 39. Kf2 Kf7 40. Rc4 Rd7 41. Rc7 Ke6 42. Rxd7 Kxd7 43. Ke3 Kc6 44. a4 a5 45. Kd4 Kxb6 46. Kd5 Kc7 47. Kc5 g6 48. h4 g5 49. h5 Kd7 50. Kb5 Ke6 51. Kxa5 Kxe5 52. Kb6 Kf4 53. Kxb7 Kxg4 54. a5 Kxh5 55. a6 Kh4 56. a7 g4 57. a8Q h5 58. Kc7 Kg3 59. Qh1 h4 60. Kd6 h3 61. Ke5 h2 62. Ke4 Kh3 63. Kf4 g3 64. Kf3 1-0

[Event "Moscow op-A 16th"]
[White "Shimelkov, Vasiliy"]
[Black "Makhno, Maria"]
[Site "Moscow"]
[Round "3"]
[Result "1-0"]
[Date "2020.01.27"]
[WhiteElo "2182"]
[BlackElo "1941"]
[PlyCount "81"]
[EventDate "2020.01.25"]
[EventType "swiss"]
[EventRounds "9"]
[EventCountry "RUS"]
[SourceTitle "CBM 194 Extra"]
[Source "ChessBase"]
[SourceDate "2020.03.31"]
[SourceVersion "1"]
[SourceVersionDate "2020.03.31"]
[SourceQuality "1"]

1. d4 d5 2. Nf3 Nf6 3. c4 c6 4. Nc3 a6 5. cxd5 cxd5 6. g3 Nc6 7. Bg2 Bf5 8. 0-0 e6 9. Bf4 h6 10. Ne5 Rc8 11. Rc1 Be7 12. Qb3 Nxd4 13. Qxb7 0-0 14. Qxa6 Ra8 15. Qb7 g5 16. Be3 Bc5 17. Bxd4 Bxd4 18. Nc6 Qb6 19. Qxb6 Bxb6 20. Ne7+ Kg7 21. Nxf5+ exf5 22. Nxd5 Nxd5 23. Bxd5 Ra5 24. Bc4 Re8 25. b4 Ra3 26. Rfd1 f4 27. Kg2 fxg3 28. hxg3 Re5 29. Rd6 Ba7 30. Ra6 Rxa6 31. Bxa6 h5 32. Bd3 h4 33. a4 h3+ 34. Kxh3 Bxf2 35. Kg2 Be3 36. Rc7 g4 37. a5 Re6 38. Bf5 Rf6 39. Bxg4 Rf2+ 40. Kh3 Rf6 41. b5 1-0

[Event "Moscow op-A 16th"]
[White "Manukyan, Artyom"]
[Black "Makhno, Maria"]
[Site "Moscow"]
[Round "2"]
[Result "1-0"]
[Date "2020.01.26"]
[WhiteElo "2185"]
[BlackElo "1941"]
[PlyCount "81"]
[EventDate "2020.01.25"]
[EventType "swiss"]
[EventRounds "9"]
[EventCountry "RUS"]
[SourceTitle "CBM 194 Extra"]
[Source "ChessBase"]
[SourceDate "2020.03.31"]
[SourceVersion "1"]
[SourceVersionDate "2020.03.31"]
[SourceQuality "1"]

1. e4 c6 2. d4 d5 3. exd5 cxd5 4. Bd3 Nc6 5. c3 Qc7 6. Ne2 Nf6 7. h3 g6 8. Bf4 Qb6 9. Qc2 Bf5 10. Bxf5 gxf5 11. Nd2 e6 12. 0-0 Rc8 13. Qb3 Nd7 14. Rfe1 Be7 15. Nc1 Na5 16. Qxb6 Nxb6 17. Nd3 Nbc4 18. Nb3 Nc6 19. Re2 b5 20. a3 a5 21. a4 b4 22. Rae1 0-0 23. Nbc5 bxc3 24. bxc3 Bd6 25. Bg5 Be7 26. Bh6 Rfd8 27. Kh1 Bf8 28. Bxf8 Kxf8 29. Rg1 Nd6 30. Rb2 Ke7 31. Nb7 Nxb7 32. Rxb7+ Rd7 33. Nc5 Rdc7 34. f4 f6 35. Rb5 e5 36. Nb3 Kd6 37. dxe5+ fxe5 38. fxe5+ Ke6 39. c4 Nb4 40. Nxa5 Nc2 41. Rxd5 1-0

[Event "Moscow op-A 16th"]
[White "Makhno, Maria"]
[Black "Goltseva, Ekaterina"]
[Site "Moscow"]
[Round "1"]
[Result "0-1"]
[Date "2020.01.25"]
[WhiteElo "1941"]
[BlackElo "2304"]
[PlyCount "98"]
[EventDate "2020.01.25"]
[EventType "swiss"]
[EventRounds "9"]
[EventCountry "RUS"]
[SourceTitle "CBM 194 Extra"]
[Source "ChessBase"]
[SourceDate "2020.03.31"]
[SourceVersion "1"]
[SourceVersionDate "2020.03.31"]
[SourceQuality "1"]

1. c4 c5 2. Nc3 Nf6 3. g3 d5 4. cxd5 Nxd5 5. Bg2 Nc7 6. e3 e5 7. Nge2 Nc6 8. 0-0 Be7 9. f4 exf4 10. Nxf4 0-0 11. Qh5 Rb8 12. b3 Ne6 13. Nfd5 Bd6 14. Bb2 f6 15. Rad1 Be5 16. Kh1 Qe8 17. Qe2 Bd7 18. a4 Kh8 19. Ba3 Rg8 20. Ne4 b6 21. Rb1 a5 22. Bb2 Bxb2 23. Rxb2 Qd8 24. Nd6 Qf8 25. Nc4 Qd8 26. Qh5 Be8 27. Qg4 Bd7 28. Qh4 Rf8 29. Kg1 Ne7 30. Nxe7 Qxe7 31. d4 b5 32. axb5 Bxb5 33. d5 Ng5 34. Re2 Ba6 35. e4 Rxb3 36. e5 fxe5 37. Rxe5 Rxf1+ 38. Bxf1 Nf3+ 39. Kf2 Qf8 40. Qf4 Qb8 41. Re3 Nd4 42. Rxb3 Qxf4+ 43. gxf4 Nxb3 44. d6 Nd4 45. Nxa5 Bc8 46. Nc4 Nf5 47. Bh3 Nxd6 48. Bxc8 Nxc8 49. f5 g6 0-1

[Event "Chigorin Memorial 27th"]
[White "Zhuravlev, Mikhail4"]
[Black "Makhno, Maria"]
[Site "St Petersburg"]
[Round "9"]
[Result "1/2-1/2"]
[Date "2019.10.13"]
[WhiteElo "1577"]
[BlackElo "1960"]
[PlyCount "30"]
[EventDate "2019.10.05"]
[EventType "swiss"]
[EventRounds "9"]
[EventCountry "RUS"]
[SourceTitle "EXT 2021"]
[Source "ChessBase"]
[SourceDate "2020.10.23"]
[SourceVersion "1"]
[SourceVersionDate "2020.10.23"]
[SourceQuality "1"]

1. e4 c6 2. d4 d5 3. Nc3 dxe4 4. Nxe4 Bf5 5. Ng3 Bg6 6. h4 h6 7. h5 Bh7 8. Nf3 Nf6 9. Bd3 Bxd3 10. Qxd3 e6 11. Bd2 Nbd7 12. 0-0-0 Qc7 13. c4 Bd6 14. Ne4 Nxe4 15. Qxe4 Nf6 1/2-1/2

[Event "Chigorin Memorial 27th"]
[White "Makhno, Maria"]
[Black "Reger, Valeriia"]
[Site "St Petersburg"]
[Round "4"]
[Result "1-0"]
[Date "2019.10.08"]
[WhiteElo "1960"]
[BlackElo "1599"]
[PlyCount "70"]
[EventDate "2019.10.05"]
[EventType "swiss"]
[EventRounds "9"]
[EventCountry "RUS"]
[SourceTitle "EXT 2020"]
[Source "ChessBase"]
[SourceDate "2019.10.17"]
[SourceVersion "1"]
[SourceVersionDate "2019.10.17"]
[SourceQuality "1"]

1. c4 c5 2. Nc3 Nc6 3. g3 g6 4. Bg2 Bg7 5. a3 e6 6. b4 d6 7. b5 Na5 8. Qa4 Bd7 9. Rb1 f5 10. e4 Ne7 11. Nge2 0-0 12. d3 a6 13. Qc2 axb5 14. Nxb5 Bc6 15. Nf4 Qd7 16. 0-0 e5 17. Nd5 Bxd5 18. cxd5 f4 19. f3 c4 20. dxc4 Rac8 21. Qa4 Nxc4 22. Qb4 Rc5 23. Rf2 Rfc8 24. Bf1 g5 25. a4 h5 26. Rc2 Ne3 27. Rxc5 dxc5 28. Qe1 Nxf1 29. Qxf1 Ng6 30. Ba3 g4 31. Rc1 b6 32. a5 fxg3 33. hxg3 Rf8 34. Rc3 gxf3 35. axb6 f2+ 1-0

[Event "Chigorin Memorial 27th"]
[White "Odegov, Artem"]
[Black "Makhno, Maria"]
[Site "St Petersburg"]
[Round "3"]
[Result "1-0"]
[Date "2019.10.07"]
[WhiteElo "2183"]
[BlackElo "1960"]
[PlyCount "45"]
[EventDate "2019.10.05"]
[EventType "swiss"]
[EventRounds "9"]
[EventCountry "RUS"]
[SourceTitle "EXT 2020"]
[Source "ChessBase"]
[SourceDate "2019.10.17"]
[SourceVersion "1"]
[SourceVersionDate "2019.10.17"]
[SourceQuality "1"]

1. d4 Nf6 2. c4 d6 3. Nc3 g6 4. e4 Bg7 5. Be2 0-0 6. Be3 Na6 7. Nf3 c5 8. 0-0 b6 9. d5 Nc7 10. Nd2 e5 11. dxe6 fxe6 12. e5 dxe5 13. Bf3 e4 14. Ndxe4 Nxe4 15. Qxd8 Rxd8 16. Bxe4 Rb8 17. Rac1 Ne8 18. Bf4 e5 19. Bg3 Be6 20. b3 Nc7 21. Bf3 Bf5 22. Nd5 Rd7 23. Rfe1 1-0

[Event "Chigorin Memorial 27th"]
[White "Makhno, Maria"]
[Black "Vershinin, Igor"]
[Site "St Petersburg"]
[Round "2"]
[Result "1-0"]
[Date "2019.10.06"]
[WhiteElo "1960"]
[BlackElo "1610"]
[PlyCount "61"]
[EventDate "2019.10.05"]
[EventType "swiss"]
[EventRounds "9"]
[EventCountry "RUS"]
[SourceTitle "EXT 2020"]
[Source "ChessBase"]
[SourceDate "2019.10.17"]
[SourceVersion "1"]
[SourceVersionDate "2019.10.17"]
[SourceQuality "1"]

1. c4 c5 2. g3 Nc6 3. Bg2 e5 4. Nc3 Nge7 5. a3 a5 6. d3 g6 7. h4 Bg7 8. h5 0-0 9. Nd5 d6 10. Bg5 f6 11. Bd2 Be6 12. Qc1 Nd4 13. Qc3 a4 14. Rd1 Nb3 15. e3 Nc6 16. Ne2 Bg4 17. hxg6 hxg6 18. Qc2 Bxe2 19. Rb1 Bg4 20. d4 Bf5 21. e4 Ncxd4 22. Qd1 Nxd2 23. exf5 Nxb1 24. fxg6 Qa5+ 25. Kf1 Rfe8 26. Qh5 Nd2+ 27. Kg1 Kf8 28. Qg4 e4 29. Qd7 Ne2+ 30. Kh2 Re7 31. Qxe7+ 1-0

[Event "Chigorin Memorial 27th"]
[White "Gusain, Himal"]
[Black "Makhno, Maria"]
[Site "St Petersburg"]
[Round "1"]
[Result "1-0"]
[Date "2019.10.05"]
[WhiteElo "2420"]
[BlackElo "1960"]
[PlyCount "81"]
[EventDate "2019.10.05"]
[EventType "swiss"]
[EventRounds "9"]
[EventCountry "RUS"]
[SourceTitle "EXT 2020"]
[Source "ChessBase"]
[SourceDate "2019.10.17"]
[SourceVersion "1"]
[SourceVersionDate "2019.10.17"]
[SourceQuality "1"]

1. c4 Nf6 2. Nc3 g6 3. e4 Bg7 4. d4 d6 5. f4 Bg4 6. Nf3 0-0 7. Bd3 c5 8. d5 a6 9. h3 Bd7 10. 0-0 b5 11. e5 Ne8 12. cxb5 Qb6 13. Na4 Qa7 14. b6 Qb7 15. Nc3 Qxb6 16. Rf2 Nc7 17. b3 Nb5 18. Ne4 Bf5 19. Bb2 Rd8 20. Neg5 h6 21. Nxf7 Kxf7 22. Bxf5 gxf5 23. e6+ Kg8 24. Bxg7 Kxg7 25. Nh4 Rf8 26. Qh5 Rf6 27. Nxf5+ Kh7 28. Nxh6 Rxh6 29. Qf7+ Kh8 30. Qf8+ Kh7 31. Qxe7+ Kh8 32. Qf8+ Kh7 33. Qf7+ Kh8 34. e7 Nc7 35. Re1 Nd7 36. e8Q+ Nxe8 37. Rxe8+ Rxe8 38. Qxe8+ Nf8 39. Qxf8+ Kh7 40. Qf7+ Kh8 41. Re2 1-0

[Event "St Petersburg Korchnoi Memorial op"]
[White "Makhno, Maria"]
[Black "Teiitbaev, Aktilek"]
[Site "St Petersburg"]
[Round "8"]
[Result "1-0"]
[Date "2019.08.21"]
[WhiteElo "1947"]
[BlackElo "2124"]
[PlyCount "69"]
[EventDate "2019.08.14"]
[EventType "swiss"]
[EventRounds "9"]
[EventCountry "RUS"]
[SourceTitle "CBM 192"]
[Source "ChessBase"]
[SourceDate "2019.10.31"]
[SourceVersion "1"]
[SourceVersionDate "2019.10.31"]
[SourceQuality "1"]

1. d4 Nf6 2. c4 g6 3. Nc3 Bg7 4. e4 d6 5. Be2 0-0 6. Nf3 e5 7. dxe5 dxe5 8. Qxd8 Rxd8 9. Bg5 Re8 10. Nd5 Nxd5 11. cxd5 c6 12. Bc4 b5 13. Bb3 Bb7 14. Rc1 Rc8 15. Be3 Nd7 16. dxc6 Rxc6 17. Rxc6 Bxc6 18. Ng5 Rf8 19. Bxa7 Bh6 20. h4 Bxg5 21. hxg5 Bxe4 22. f3 Bf5 23. Ke2 Ra8 24. Be3 Nf8 25. Rc1 Be6 26. Rc5 Bxb3 27. axb3 Ra2 28. Rxb5 Rxb2+ 29. Kd3 Rxg2 30. Rxe5 Ne6 31. b4 Rb2 32. Kc3 Rb1 33. b5 Kf8 34. b6 Ke7 35. Kc2 1-0

[Event "St Petersburg Korchnoi Memorial op"]
[White "Mashkov, Viacheslav"]
[Black "Makhno, Maria"]
[Site "St Petersburg"]
[Round "5"]
[Result "0-1"]
[Date "2019.08.18"]
[WhiteElo "1424"]
[BlackElo "1947"]
[PlyCount "70"]
[EventDate "2019.08.14"]
[EventType "swiss"]
[EventRounds "9"]
[EventCountry "RUS"]
[SourceTitle "CBM 192"]
[Source "ChessBase"]
[SourceDate "2019.10.31"]
[SourceVersion "1"]
[SourceVersionDate "2019.10.31"]
[SourceQuality "1"]

1. e4 c6 2. d4 d5 3. exd5 cxd5 4. c4 Nf6 5. Nc3 g6 6. Nf3 Bg7 7. Bf4 0-0 8. Be2 a6 9. 0-0 dxc4 10. Bxc4 b5 11. Bb3 Bb7 12. Qd3 Nbd7 13. Rad1 Nb6 14. Ne5 Nbd5 15. Bg3 e6 16. h3 Rc8 17. Bh2 Qa5 18. Nxd5 Bxd5 19. Bxd5 Nxd5 20. Qb3 Rfd8 21. f4 Qb4 22. Rf2 Qxb3 23. axb3 Ne3 24. Ra1 Rxd4 25. Rf3 Nd5 26. Rxa6 Rd2 27. Rf2 Rc1+ 28. Rf1 Rcc2 29. Ra8+ Bf8 30. Nf3 Rxg2+ 31. Kh1 Kg7 32. f5 Rgf2 33. Rxf2 Rxf2 34. Ne1 Rf1+ 35. Kg2 Rxe1 0-1

[Event "St Petersburg Korchnoi Memorial op"]
[White "Volkov, Roman"]
[Black "Makhno, Maria"]
[Site "St Petersburg"]
[Round "9"]
[Result "0-1"]
[Date "2018.08.23"]
[WhiteElo "2123"]
[BlackElo "1983"]
[PlyCount "66"]
[EventDate "2018.08.15"]
[EventType "swiss"]
[EventRounds "9"]
[EventCountry "RUS"]
[SourceTitle "CBM 186 Extra"]
[Source "ChessBase"]
[SourceDate "2018.08.24"]
[SourceVersion "1"]
[SourceVersionDate "2018.08.24"]
[SourceQuality "1"]

1. e4 d6 2. d4 Nf6 3. Nc3 e5 4. Nf3 Nbd7 5. Rg1 exd4 6. Nxd4 Nc5 7. f3 g6 8. Bg5 h6 9. Be3 Bg7 10. g4 Qe7 11. Qd2 Ne6 12. 0-0-0 a6 13. Bc4 Bd7 14. Rge1 0-0-0 15. Nd5 Nxd5 16. exd5 Nxd4 17. Bxd4 Qf8 18. Qa5 Bxd4 19. Rxd4 Re8 20. Red1 Re3 21. Bxa6 bxa6 22. Rc4 Kd8 23. Qxc7+ Ke7 24. Qa7 Re2 25. Rdd4 f5 26. Rc7 Qe8 27. b3 Rh7 28. Qxa6 Kf7 29. Rxd7+ Kg8 30. Rxh7 Qe3+ 31. Kb2 Qxd4+ 32. Ka3 Qc5+ 33. Ka4 Rxc2 0-1